| 000 | 00436nam a2200121Ia 4500 | ||
|---|---|---|---|
| 008 | 171212s9999 xx 000 0 und d | ||
| 020 | _a9781922064783 | ||
| 100 | _aBabie, Paul;Leadbeter, Paul | ||
| 245 |
_cBabie, Paul;Leadbeter, Paul _aLaw as Change _bEngaging with the Life and Scholarship of Adrian Bradbrook |
||
| 260 |
_bUniversity of Adelaide Press _c2014 |
||
| 650 | _aLaw | ||
| 856 | _uhttp://jstor.org/stable/10.20851/j.ctt1sq5xcn | ||
| 999 |
_c352932 _d352932 |
||